European Anti Discrimination Law Review

में बचाया:
ग्रंथसूची विवरण
निगमित लेखक: European Network of legal experts in the non discrimination field
स्वरूप: पुस्तक
भाषा:अंग्रेज़ी
टैग: टैग जोड़ें
कोई टैग नहीं, इस रिकॉर्ड को टैग करने वाले पहले व्यक्ति बनें!

MARC

LEADER 00000nam a2200000 4500
005 20240724163741.0
008 240724b |||||||| |||| 00| 0 eng d
040 |c GP 
110 |a European Network of legal experts in the non discrimination field 
245 |a European Anti Discrimination Law Review 
942 |2 ddc  |c BK  |n 0 
952 |0 0  |1 0  |2 ddc  |4 0  |6 323_409400000000000_EUR  |7 1  |9 1684  |a RM  |b RM  |d 2024-07-24  |l 0  |o 323.4094 EUR  |p 238  |r 2024-07-24 16:37:58  |w 2024-07-24  |y BK 
999 |c 1497  |d 1497